Le Seigneur des anneaux - Statistiques

Statistiques générales
  • Ce quiz a été pris 8 985 fois
    8 596 depuis la dernière actualisation
  • Le résultat moyen est 18 sur 30
Statistiques - réponses
Hint Réponse % Correct
Le plus grand royaume des Hommes Royaume du Gondor
91%
Nom de ses deux fils Boromir
90%
Royaume de cavaliers Royaume du Rohan
89%
Faramir
86%
Ancien nom de Gollum Sméagol
81%
Nom des créatures dirigées par Sylvebarbe Ents
79%
Nom de leur roi Théoden
77%
Galadriel
73%
Cité des Hommes assiégée par Sauron (capitale du royaume précédent) Minas Tirith
70%
Territoire perverti par Saroumane Isengard
68%
Véritable prénom de Merry Meriadoc
67%
Race d'Orques plus grands et plus forts que la moyenne, à la peau noire Uruk-hai
65%
Nièce de ce roi Eowyn
64%
Seigneur d'Imladris (un elfe) Elrond
62%
Véritable prénom de Pippin Peregrin
62%
Cadeau de la reine des elfes à Frodon Fiole de Galadriel / Lumière d'Earendil
60%
Nom de la demeure de Frodon et Bilbon Sacquet Cul-de-Sac
58%
Intendant de ce royaume Denethor
56%
Nom de la dague de Frodon Dard
55%
Nom de la cité des Nazgûl Minas Morgul
55%
Autre nom de Gandalf (pour les elfes) Mithrandir
55%
Nom de la forêt où sont réfugiées ces créatures Fangorn
52%
Animaux chevauchés par les Haradrim/Suderons (guerriers du sud) Mûmakil / Oliphants
49%
Forêt où résident de nombreux elfes Lothlórien / Lórien
46%
Nom de l'araignée géante affrontée par Sam et Frodon Arachne / Shelob
42%
Nom du pain elfique offert à Sam Lembas
41%
Nom de l'épée d'Aragorn Andúril
36%
Couple dirigeant cette forêt Celeborn
36%
Tour indestructible de Saroumane Orthanc
36%
Nom de la demeure de Sauron Barad-dûr
32%
Aucun quiz correspondant
Distribution des résultats
% des personnes avec chaque résultat
Percentile par nombre de réponses
Votre historique - résultats
Vous n’avez pas pris ce quiz depuis la dernière actualisation